| 000 | 01099nam a2200313Ia 4500 | ||
|---|---|---|---|
| 001 | Z_1698 | ||
| 003 | CHAP | ||
| 008 | 220113s1999 xx 000 0 und d | ||
| 010 | _a164790 | ||
| 040 | _cCHAP | ||
| 090 | _aTesis M49 1354 | ||
| 100 |
_aMeza Ortega, Víctor Hugo _975340 |
||
| 245 |
_aComposición química de paja de cuatro variedades de frijol y su utilización por ovinos / _cVíctor Hugo Meza Ortega |
||
| 260 |
_aMéxico : _bEl autor, _c1999 |
||
| 300 | _a51 h | ||
| 502 | _aTesis (Ingeniero Agrónomo Especialista en Zootecnia) -- UACh, 1999 \ Dirección: Salvador Fernández Rivera ; asesoría: Víctor A. González Hernández y Maximino Huerta Bravo | ||
| 650 |
_aFrijol _xSubproductos _943437 |
||
| 650 |
_aGanado lanar _xNutrición\ _945205 |
||
| 650 |
_aPaja de frijol\ _984775 |
||
| 700 |
_a González Hernández, Víctor A., asesor _9138866 |
||
| 700 |
_a Huerta Bravo, Maximino _956658 |
||
| 700 |
_aFernández Rivera, Salvador, director _9138867 |
||
| 901 | _aTESIS M49 1354 | ||
| 902 | _aM | ||
| 910 | _a1999 | ||
| 942 | _c2 | ||
| 942 | _c2 | ||
| 999 |
_c164790 _d164790 |
||